[Event "BCF-chT2 9900 (4NCL)"]
[Site "Birmingham"]
[Date "2000.04.29"]
[Round "9.6"]
[White "Gough, Michael J"]
[Black "Jones, Nicholas"]
[Result "1-0"]
[WhiteElo "2135"]
[BlackElo "1968"]
[PlyCount "55"]
[EventDate "1999.10.??"]
[EventType "team"]
[EventRounds "11"]
[EventCountry "ENG"]
[SourceTitle "EXT 2001"]
[Source "ChessBase"]
[SourceDate "2000.11.22"]
[SourceVersion "1"]
[SourceVersionDate "2000.11.22"]
[SourceQuality "1"]
[WhiteTeam "BCCA"]
[BlackTeam "Witney"]
[WhiteTeamCountry "ENG"]
[BlackTeamCountry "ENG"]

1. d4 d5 2. Nf3 Nf6 3. c4 e6 4. Nc3 c6 5. Bg5 h6 6. Bh4 g5 7. Bg3 dxc4 8. e4 b5 9. Be2 Bb7 10. h4 g4 11. Ne5 h5 12. Bf4 Nbd7 13. Qc2 Nxe5 14. Bxe5 Rg8 15. Rd1 Rg6 16. 0-0 Nd7 17. Bg3 Be7 18. d5 Bxh4 19. dxe6 Rxe6 20. Rxd7 Kxd7 21. Rd1+ Ke8 22. Rxd8+ Bxd8 23. e5 h4 24. Bf4 Rg6 25. Ne4 Be7 26. Nd6+ Bxd6 27. exd6 h3 28. Qf5 1-0

[Event "BCF-chT2 9899 (4NCL)"]
[Site "England"]
[Date "1999.03.21"]
[Round "8.7"]
[White "James, Russell A"]
[Black "Jones, Nicholas"]
[Result "1-0"]
[WhiteElo "2155"]
[BlackElo "1960"]
[PlyCount "119"]
[EventDate "1998.10.??"]
[EventType "team"]
[EventRounds "11"]
[EventCountry "ENG"]
[SourceTitle "EXT 2000"]
[Source "ChessBase"]
[SourceDate "1999.11.16"]
[SourceVersion "1"]
[SourceVersionDate "1999.11.16"]
[SourceQuality "1"]
[WhiteTeam "Guildford"]
[BlackTeam "Witney"]
[WhiteTeamCountry "ENG"]
[BlackTeamCountry "ENG"]

1. e4 c5 2. Nf3 Nc6 3. Bb5 a6 4. Bxc6 bxc6 5. 0-0 d5 6. Qe1 e6 7. Nc3 d4 8. Na4 Nf6 9. d3 Be7 10. b3 Nd7 11. Bd2 0-0 12. Ba5 Qe8 13. e5 f5 14. c3 g5 15. cxd4 g4 16. Nd2 cxd4 17. f4 c5 18. Nc4 Bb7 19. Bc7 Qg6 20. Rc1 Rae8 21. Nd6 Bxd6 22. Bxd6 Rf7 23. Nxc5 Nxc5 24. Rxc5 Bd5 25. Qh4 Rg7 26. Rfc1 h6 27. Rc7 h5 28. Rxg7+ Kxg7 29. Rc7+ Kh6 30. Be7 Kh7 31. Bf6+ Kg8 32. Rg7+ Qxg7 33. Bxg7 Kxg7 34. Qf6+ Kg8 35. Qg6+ Kf8 36. Qxh5 Ke7 37. Qg5+ Kf8 38. Qh6+ Kf7 39. Qh7+ Kf8 40. Qh8+ Ke7 41. Qg7+ Kd8 42. Qa7 Re7 43. Qb8+ Kd7 44. Kf2 Re8 45. Qd6+ Kc8 46. Qxa6+ Kc7 47. Qa7+ Kc8 48. a4 Rd8 49. Qxd4 Rd7 50. b4 Rc7 51. Qb2 Kb7 52. b5 Kb6 53. Qd2 Rc8 54. Ke3 Rh8 55. g3 Rh7 56. Qb4 Rd7 57. a5+ Kb7 58. Qc5 Kb8 59. a6 Bf3 60. b6 1-0

[Event "BCF-chT2 9798 (4NCL)"]
[Site "England"]
[Date "1997.11.23"]
[Round "4.7"]
[White "Jones, Nicholas"]
[Black "Bautista, Marc C"]
[Result "0-1"]
[WhiteElo "1880"]
[BlackElo "2115"]
[PlyCount "148"]
[EventDate "1997.11.??"]
[EventType "team"]
[EventRounds "11"]
[EventCountry "ENG"]
[SourceTitle "EXT 1999"]
[Source "ChessBase"]
[SourceDate "1998.11.16"]
[SourceVersion "1"]
[SourceVersionDate "1998.11.16"]
[SourceQuality "1"]
[WhiteTeam "Witney"]
[BlackTeam "Barbican II"]
[WhiteTeamCountry "ENG"]
[BlackTeamCountry "ENG"]

1. e4 e6 2. Nf3 d5 3. Nc3 Nc6 4. Bb5 a6 5. Ba4 d4 6. Ne2 b5 7. Bb3 Na5 8. d3 c5 9. 0-0 Bb7 10. Ng3 Bd6 11. Qe2 Qd7 12. Bd2 Nxb3 13. axb3 0-0-0 14. Ba5 Bc7 15. Qd2 Ne7 16. Ng5 Nc6 17. Bxc7 Qxc7 18. f4 h6 19. Nf3 f6 20. f5 exf5 21. Nxf5 g6 22. Ng3 Rdf8 23. Rae1 Ne7 24. b4 f5 25. bxc5 Qxc5 26. b4 Qd6 27. c4 dxc3 28. Qxc3+ Nc6 29. exf5 gxf5 30. Nxf5 Qxb4 31. Ne7+ Kd7 32. Ne5+ Ke8 33. Rxf8+ Rxf8 34. Qxb4 Nxb4 35. N7g6 Rg8 36. Nc6+ Kd7 37. Nge5+ Kd6 38. Nxb4 Rxg2+ 39. Kf1 Rb2 40. Nf7+ Kd7 41. Nxa6 Bxa6 42. Nxh6 b4 43. Rd1 b3 44. Ng4 Ke6 45. Ke1 Rg2 46. Ne3 Rxh2 47. Nf1 Rg2 48. Ne3 Rh2 49. Nf1 Rh3 50. Rb1 Rxd3 51. Nd2 Re3+ 52. Kd1 Be2+ 53. Kc1 Rc3+ 54. Kb2 Rc2+ 55. Kxb3 Rxd2 56. Re1 Kd5 57. Kc3 Ra2 58. Rg1 Ra3+ 59. Kd2 Bf3 60. Rg7 Kd4 61. Rd7+ Bd5 62. Kd1 Ra2 63. Rd8 Ke5 64. Re8+ Kf4 65. Kc1 Be4 66. Rh8 Ke3 67. Rh3+ Kd4 68. Rh8 Bd3 69. Kd1 Kc3 70. Rc8+ Bc4 71. Ke1 Re2+ 72. Kd1 Re7 73. Rc5 Ra7 74. Ke1 Rf7 0-1

[Event "BCF-chT 9697 (4NCL)"]
[Site "England"]
[Date "1997.??.??"]
[Round "9.7"]
[White "Sheehan, Antony"]
[Black "Jones, Nicholas"]
[Result "0-1"]
[WhiteElo "2100"]
[BlackElo "1936"]
[PlyCount "62"]
[EventDate "1996.10.??"]
[EventType "team"]
[EventRounds "12"]
[EventCountry "ENG"]
[SourceTitle "EXT 1999"]
[Source "ChessBase"]
[SourceDate "1998.11.16"]
[SourceVersion "1"]
[SourceVersionDate "1998.11.16"]
[SourceQuality "1"]
[WhiteTeam "Celtic Kts"]
[BlackTeam "Witney"]
[WhiteTeamCountry "ENG"]
[BlackTeamCountry "ENG"]

1. e4 d5 2. exd5 Nf6 3. c4 e6 4. dxe6 Bxe6 5. d4 Bb4+ 6. Bd2 Qe7 7. Bxb4 Qxb4+ 8. Qd2 Nc6 9. Qxb4 Nxb4 10. Na3 0-0-0 11. Nf3 Rhe8 12. Be2 Bg4 13. Rd1 Bxf3 14. gxf3 Nh5 15. Rd2 Nf4 16. Kd1 Nxe2 17. Rxe2 Rxd4+ 18. Rd2 Rxd2+ 19. Kxd2 Nxa2 20. Nc2 a5 21. Ra1 Nb4 22. Rxa5 Nxc2 23. Ra8+ Kd7 24. Rxe8 Kxe8 25. Kxc2 Ke7 26. Kd3 Kf6 27. b4 Ke5 28. b5 g5 29. Ke3 c5 30. Kd3 Kf4 31. Ke2 b6 0-1